Aktorzy Gry o Tron w innych filmach - Statystyki

Ogólne statystyki
  • Ten quiz został rozwiązany 57 razy
  • Średni wynik to 10 z 44
Statystyki odpowiedzi
Filmy Aktor Rola w GoT % Poprawnych
Zabójcza, X-Men: Mroczna Phoenix, X-Men: Apocalypse, Trzynasta Opowieść Sophie Turner Sansa Stark
66%
Emilia Clarke
58%
Zanim się pojawiłeś, Terminator: Genesis, Han Solo: Gwiezdne Wojny - historie, Last Christmas Emilia Clarke Daenerys Targaryen
56%
Sophie Turner
54%
Skarb narodów, Władca Pierścieni: Drużyna Pierścienia, Troja, Wyspa, Silent Hill, GoldenEye, Jupiter: Intronizacja, Equilibrium Sean Bean Eddard Stark (Ned)
46%
300, 300: Początek imperium, Noc oczyszczenia, Dredd Lena Headey Cersei Lannister
44%
Sean Bean
44%
Lena Headey
42%
Peter Dinklage
42%
Szefowa, Dróżnik, Opowieści z Narnii: Książę Kaspian, Trzy Billboardy za Ebbing Missouri, Avengers: Wojna bez granic Peter Dinklage Tyrion Lannister
42%
Pompeje, Silent Hill: Apokalipsa, Testament młodości, Wendeta, Siódmy Syn Kit Harington Jon Snow
38%
Kit Harington
30%
Dwóch papieży, Piraci z Karaibów: Klatwa Czarnej Perły, Piraci z Karaibów: Skrzynia umarlaka, Nieustraszeni bracia Grimm, Tabu Jonathan Pryce High Sparrow (Wielki Wróbel)
28%
Wyścig, Las samobójców, Dynastia Tudorów (serial), Skandalistka Lady W., Igrzyska śmierci: Kosogłos część 1 i 2 Natalie Dormer Margaery Tyrell
28%
Nikolaj Coster-Waldau
28%
Natalie Dormer
24%
Wyklęci, 303.Bitwa o Anglię, Brud, Ziemia Jałowa Iwan Rheon Ramsay Bolton
24%
Mama, Inna kobieta, Łowcy głów, Skazany, Bogowie Egiptu, Druga Szansa Nikolaj Coster-Waldau Jaime Lannister
22%
Blitz, Bohemian Rapsody, 12 rund, Król Artur: Legenda miecza, Prawo ulicy, Peaky Blinders Aidan Gillen Petyr Baelish (Littlefinger)
22%
Kiedy się pojawiłeś, iBoy, Cyberszantaż, Księga Miłości Maisie Williams Arya Stark
20%
Jonathan Pryce
20%
Lara Croft: Tomb Raider, Resident Evil: Zagłada, Resident Evil: Ostatni Rozdział, Harry Brown Iain Glen Ser Jorah Mormont
18%
I nie było już nikogo, Zanim się pojawiłeś, Obcy 3, Złote dziecko, Bohater ostatniej akcji, Ali G, Gra tajemnic Charles Dance Tywin Lannister
18%
Aidan Gillen
16%
Charles Dance
16%
Iain Glen
16%
Iwan Rheon
16%
Maisie Williams
16%
John Wick, Pokuta, Kochanice Króla, Predator Alfie Allen Theon Greyjoy
14%
Ripper Street: Tajemnica Kuby Rozpruwacza , John Wick 3, Edward II Jerome Flynn Bronn
12%
Alfie Allen
10%
Igrzyska śmierci: Kosogłos. Część 2, Parnassus, Gwiezdne Wojny: Przebudzenie Mocy, Gwiezdne Wojny: Ostatni Jedi Gwendoline Christie Lady Brienne z Tarthu
10%
Jerome Flynn
8%
W tajnej służbie Jej Krolewskiej Mości, Malowany Welon, Pełnia życia, Rewolwer i melonik Diana Rigg Lady Olenna Redwyne
8%
Serena, Cień Mgły, Co nas kręci co nas podnieca, Połów szczęscia w Jemenie Conleth Hill Lord Varys
6%
Mała Księżniczka, Głód, Centurion, Starcie tytanów, Dog Soldiers, Wiatr buszujacy w jęczmieniu Liam Cunningham Ser Davos Seaworth
6%
Conleth Hill
4%
Diana Rigg
4%
John Bradley
4%
Liam Cunningham
4%
Patient Zero, Amerykański Szatan, Ostatni Smokobójca John Bradley Samwell Tarly
4%
Młody Adam, Slow West, Aleksander, Polowanie na czarownice, xXx:Reaktywacja Rory McCann Sandor Clegane (Ogar)
4%
Gwendoline Christie
2%
Rory McCann
2%
Nie znaleziono quizów pasujących do podanych kryteriów
Rozkład punktacji
Procent ludzi z każdym wynikiem
Percentyl według liczby udzielonych odpowiedzi
Twoja historia wyników
Nie rozwiązałeś tego quizu